Information Technology-X (Record no. 10935)

MARC details
000 -LEADER
fixed length control field 00253nam a22000977a 4500
008 - FIXED-LENGTH DATA ELEMENTS--GENERAL INFORMATION
fixed length control field 180411b ||||| |||| 00| 0 eng d
020 ## - INTERNATIONAL STANDARD BOOK NUMBER
International Standard Book Number 9788183890168
100 ## - MAIN ENTRY--PERSONAL NAME
Personal name Grewal,S.
9 (RLIN) 6736
245 ## - TITLE STATEMENT
Title Information Technology-X
260 ## - PUBLICATION, DISTRIBUTION, ETC. (IMPRINT)
Place of publication, distribution, etc. New Delhi
Name of publisher, distributor, etc. Goyal Brothers
Holdings
Withdrawn status Lost status Source of classification or shelving scheme Damaged status Koha normalized classification for sorting Not for loan Home library Current library Shelving location Date acquired Total Checkouts Full call number Barcode Date last seen Date last checked out Price effective from Koha item type
    Dewey Decimal Classification   GRE_005_130000000000000_D8   Good Samaritan School Library Good Samaritan School Library Computer Science 04/11/2018 1 GRE005.13 D-8 GRE14965 10/03/2018 09/26/2018 04/11/2018 BOOK

Powered by Koha